[Event "DSIM-Finale"]
[Site "T#645894Emanuel Laske"]
[Date "2020.05.09"]
[Round "2"]
[White "Daniel Hausrath"]
[Black "Jonas Eilenberg"]
[Result "1-0"]
[WhiteElo "1620"]
[BlackElo "1620"]
[Annotator "NA RC"]
[PlyCount "57"]
[EventDate "2020.05.09"]
[EventType "tourn (blitz)"]

1. Nf3 {[%emt 0:00:02]} d5 {[%emt 0:00:01]} 2. g3 {[%emt 0:00:02]} Bg4 {[%emt 0:00:05]} 3. Bg2 {[%emt 0:00:02]} Nd7 {[%emt 0:00:02]} 4. d4 {[%emt 0:00:02]} e6 {[%emt 0:00:07]} 5. O-O {[%emt 0:00:02]} Bd6 {[%emt 0:00:02]} 6. Nbd2 {[%emt 0:00:03]} Ngf6 {[%emt 0:00:02]} 7. Re1 {[%emt 0:00:02]} O-O {[%emt 0:00:05]} 8. e4 {[%emt 0:00:02]} dxe4 {[%emt 0:00:01]} 9. Nxe4 {[%emt 0:00:01]} Nxe4 {[%emt 0:00:02]} 10. Rxe4 {[%emt 0:00:01]} Nf6 {[%emt 0:00:01]} 11. Re1 {[%emt 0:00:01]} c5 {[%emt 0:00:04]} 12. c3 {[%emt 0:00:04]} Rc8 {[%emt 0:00:04]} 13. dxc5 {[%emt 0:00:15]} Bxc5 {[%emt 0:00:02]} 14. Qxd8 {[%emt 0:00:02]} Rfxd8 {[%emt 0:00:00]} 15. Ne5 {[%emt 0:00:02]} Rc7 {[%emt 0:00:20]} 16. Bf4 {[%emt 0:00:07]} Re7 {[%emt 0:00:18]} 17. h3 {[%emt 0:00:12]} Bf5 {[%emt 0:00:25]} 18. g4 {[%emt 0:00:04]} Bg6 {[%emt 0:00:15]} 19. Rad1 {[%emt 0:00:03]} Nd5 {[%emt 0:00:07]} 20. c4 {[%emt 0:00:06]} Bc2 {[%emt 0:00:08]} 21. cxd5 {[%emt 0:00:11]} Bxd1 {[%emt 0:00:02]} 22. Rxd1 {[%emt 0:00:01]} f6 {[%emt 0:00:12]} 23. Nd3 {[%emt 0:00:08]} Bd6 {[%emt 0:00:10]} 24. Be3 {[%emt 0:00:19]} e5 {[%emt 0:00:14]} 25. Bxa7 {[%emt 0:00:07]} Rc8 {[%emt 0:00:40]} 26. b4 {[%emt 0:00:28]} Rc2 {[%emt 0:00:17]} 27. Bc5 {[%emt 0:00:06]} Rd7 {[%emt 0:00:01]} 28. a4 {[%emt 0:00:07]} Rc4 {[%emt 0:00:06]} 29. a5 {[%emt 0:00:07] Zeit (Lag: Av=0.70s, max=1.1s)} 1-0

[Event "DSIM-Finale"]
[Site "T#645894Emanuel Laske"]
[Date "2020.05.09"]
[Round "2"]
[White "Matthias Blübaum"]
[Black "Lizzy Paehtz"]
[Result "1-0"]
[WhiteElo "1620"]
[BlackElo "2427"]
[Annotator "TA"]
[PlyCount "65"]
[EventDate "2020.05.09"]
[EventType "tourn (blitz)"]

{[%evp 9,65,38,36,36,37,36,48,36,50,38,50,32,98,94,97,81,77,68,72,72,74,66,82,56,86,11,3,6,49,48,54,66,48,51,55,60,61,71,151,108,284,292,299,306,327,285,399,402,422,386,467,463,466,448,593,618,29991,29992]} 1. d4 e6 2. c4 b6 3. e4 Bb7 4. Bd3 Bb4+ 5. Kf1 Be7 6. Nc3 {A40: Unusual replies to 1 d4.} d6 7. Nf3 Nd7 8. g3 {White is slightly better.} Bf6 9. Kg2 Ne7 10. Re1 {[#]} e5 $146 {[#]} ({Better is} 10... O-O $14) ({Predecessor:} 10... O-O 11. Kg1 Ng6 12. Be3 h6 13. h4 c5 14. d5 Nde5 15. Nxe5 Nxe5 16. Be2 g5 17. hxg5 hxg5 {0-1 (48) Yuffa,D (2582)-Alekseev,E (2645) Riga 2019}) 11. d5 $1 $16 a5 12. b3 g6 13. Bh6 Ng8 14. Be3 Bg7 15. a3 Ne7 16. b4 O-O 17. c5 (17. h3 $16) 17... axb4 18. axb4 {[#] Strongly threatening c6.} Rxa1 19. Qxa1 {Black must now prevent c6.} bxc5 20. bxc5 Nxc5 21. Bxc5 dxc5 22. Qa7 Bc8 23. Qxc5 Qd7 (23... Bg4 $142) 24. Bb5 Qh3+ $2 {Loses the game.} (24... Qd6 $16 {was worth a try.} 25. Qxd6 cxd6) 25. Kg1 $18 Qh5 26. Nd2 ({Weaker is} 26. Qxe7 Qxf3 27. Re3 (27. Qxc7 Bh3 $14) 27... Qf6 $16) 26... Bh6 27. Be2 Qh3 28. Nc4 Bg5 29. Qxc7 Ba6 {If Black can now play ...Bxc4 this consolidates a bit.} 30. d6 Nc8 31. d7 Bxc4 32. Bxc4 Bd2 33. d8=Q {Accuracy: White = 83%, Black = 60%.} 1-0

[Event "DSIM-Finale"]
[Site "T#645894Emanuel Laske"]
[Date "2020.05.09"]
[Round "2"]
[White "Nikolas Lubbe"]
[Black "Ilja Schneider"]
[Result "0-1"]
[WhiteElo "1620"]
[BlackElo "1620"]
[Annotator "NA RC"]
[PlyCount "100"]
[EventDate "2020.05.09"]
[EventType "tourn (blitz)"]

1. d4 {[%emt 0:00:01]} d5 {[%emt 0:00:02]} 2. Nf3 {[%emt 0:00:01]} Nf6 {[%emt 0:00:01]} 3. c4 {[%emt 0:00:01]} c6 {[%emt 0:00:01]} 4. Nc3 {[%emt 0:00:02]} a6 {[%emt 0:00:01]} 5. e3 {[%emt 0:00:07]} b5 {[%emt 0:00:02]} 6. b3 {[%emt 0:00:03]} Bg4 {[%emt 0:00:01]} 7. Bd2 {[%emt 0:00:02]} Nbd7 {[%emt 0:00:08]} 8. h3 {[%emt 0:00:02]} Bxf3 {[%emt 0:00:17]} 9. Qxf3 {[%emt 0:00:00]} e6 {[%emt 0:00:02]} 10. a4 {[%emt 0:00:15]} bxc4 {[%emt 0:00:39]} 11. bxc4 {[%emt 0:00:02]} Bd6 {[%emt 0:00:01]} 12. e4 {[%emt 0:00:08]} Bb4 {[%emt 0:00:32]} 13. exd5 {[%emt 0:00:47]} cxd5 {[%emt 0:00:19]} 14. cxd5 {[%emt 0:00:03]} Bxc3 {[%emt 0:00:18]} 15. Qxc3 {[%emt 0:00:03]} Nxd5 {[%emt 0:00:07]} 16. Qg3 {[%emt 0:00:13]} Qf6 {[%emt 0:00:07]} 17. Bd3 {[%emt 0:00:16]} Qxd4 {[%emt 0:00:09]} 18. O-O {[%emt 0:00:02]} O-O {[%emt 0:00:01]} 19. Rfd1 {[%emt 0:00:05]} Qe5 {[%emt 0:00:08]} 20. Qh4 {[%emt 0:00:05]} N7f6 {[%emt 0:00:04]} 21. Re1 {[%emt 0:00:20]} Qb2 {[%emt 0:00:07]} 22. Bg5 {[%emt 0:00:07]} h6 {[%emt 0:00:12]} 23. Bxh6 {[%emt 0:00:19]} gxh6 {[%emt 0:00:00]} 24. Qxh6 {[%emt 0:00:00]} Qd4 {[%emt 0:00:01]} 25. Rad1 {[%emt 0:00:05]} Qf4 {[%emt 0:00:01]} 26. Qxf4 {[%emt 0:00:17]} Nxf4 {[%emt 0:00:00]} 27. Bf1 {[%emt 0:00:00]} N4d5 {[%emt 0:00:01]} 28. Rd4 {[%emt 0:00:02]} Rfc8 {[%emt 0:00:03]} 29. Re5 {[%emt 0:00:01]} a5 {[%emt 0:00:02]} 30. g4 {[%emt 0:00:02]} Rc1 {[%emt 0:00:05]} 31. Kg2 {[%emt 0:00:02]} Rb8 {[%emt 0:00:03]} 32. Bb5 {[%emt 0:00:01]} Rbc8 {[%emt 0:00:04]} 33. g5 {[%emt 0:00:03]} Nh5 {[%emt 0:00:04]} 34. Ree4 {[%emt 0:00:09]} Ng7 {[%emt 0:00:07]} 35. Re5 {[%emt 0:00:04]} R1c2 {[%emt 0:00:06]} 36. h4 {[%emt 0:00:02]} R8c3 {[%emt 0:00:05]} 37. Ree4 {[%emt 0:00:07]} Nf5 {[%emt 0:00:03]} 38. Rxd5 {[%emt 0:00:05]} exd5 {[%emt 0:00:01]} 39. Rf4 {[%emt 0:00:01]} Nd6 {[%emt 0:00:01]} 40. Bd7 {[%emt 0:00:02]} Ne4 {[%emt 0:00:02]} 41. h5 {[%emt 0:00:02]} Rxf2+ {[%emt 0:00:02]} 42. Rxf2 {[%emt 0:00:00]} Nxf2 {[%emt 0:00:00]} 43. Kxf2 {[%emt 0:00:00]} Rc4 {[%emt 0:00:03]} 44. g6 {[%emt 0:00:01]} fxg6 {[%emt 0:00:02]} 45. hxg6 {[%emt 0:00:02]} Kg7 {[%emt 0:00:02]} 46. Ke3 {[%emt 0:00:01]} Kxg6 {[%emt 0:00:02]} 47. Bb5 {[%emt 0:00:00]} Re4+ {[%emt 0:00:02]} 48. Kd2 {[%emt 0:00:02]} Kf6 {[%emt 0:00:01]} 49. Bc6 {[%emt 0:00:01]} Ke5 {[%emt 0:00:01]} 50. Bb5 {[%emt 0:00:02]} Kd4 {[%emt 0:00:01]} 0-1

[Event "DSIM-Finale"]
[Site "T#645894Emanuel Laske"]
[Date "2020.05.09"]
[Round "2"]
[White "Rasmus Svane"]
[Black "Roven Vogel"]
[Result "1-0"]
[WhiteElo "1620"]
[BlackElo "2465"]
[Annotator "TA"]
[PlyCount "129"]
[EventDate "2020.05.09"]
[EventType "tourn (blitz)"]

{[%evp 15,129,3,3,0,3,5,4,11,26,25,35,26,32,15,41,32,32,45,41,18,34,10,27,10,6,8,43,42,56,43,43,41,49,51,45,40,44,41,40,37,43,29,78,52,52,52,52,52,52,52,163,38,38,38,38,38,38,38,38,38,38,38,40,38,40,40,40,37,37,37,40,40,40,37,37,37,37,37,37,23,99,92,92,92,92,72,92,42,92,69,92,33,143,143,143,143,143,143,29970,29973,29973,29974,29979,29980,29976,29977,29977,29978,29978,29979,29980,29980,29981,29982,29982,29982]} 1. Nf3 d5 2. g3 g6 3. Bg2 Bg7 4. d4 Nf6 5. O-O O-O 6. c4 c6 7. Qb3 Qb6 8. Nc3 Rd8 9. Bd2 {is now debated instead of 9.Rd1. D78: Fianchetto Grünfeld: 6 0-0 c6.} Bf5 10. Na4 Qxb3 11. axb3 {The position is equal.} Na6 12. Rfc1 Ne4 13. Ba5 {[#]} Rdc8 $146 ({Predecessor:} 13... b6 14. Be1 c5 15. e3 Nb4 16. Bxb4 cxb4 17. cxd5 Rac8 18. Ne5 Nd2 19. Nc6 Rd7 20. Nxb4 Rxc1+ 21. Rxc1 Nxb3 {1-0 (28) Ushenina,A (2416)-Solozhenkina,E (2329) Moscow 2019}) 14. e3 g5 15. Nd2 Nxd2 16. Bxd2 e6 17. b4 Bd3 18. b3 {[%cal Bb2b3,Bb3b4,Bb4a5][%mdl 32]} Bf8 19. Nc5 Nxc5 20. bxc5 b6 21. cxd5 cxd5 {[%cal Rb6c5]} 22. b4 a5 $1 23. bxa5 bxc5 24. dxc5 Rxc5 25. Rxc5 Bxc5 26. Bf1 Bxf1 27. Kxf1 $14 {[%mdl 4096] Endgame KRB-KRB} Kf8 28. Rb1 Ra7 29. Rb5 Bd6 30. e4 dxe4 31. Rxg5 f5 32. g4 Bc7 {[#]} (32... fxg4 $14 33. Rxg4 Bc7) 33. gxf5 ({Only move:} 33. Bb4+ $1 $18 Kf7 34. Bc3 (34. gxf5 Kf6 $11 {[%mdl 64] Double Attack})) 33... Bxa5 34. Be3 Bd8 {...Ra1+ is the strong threat.} 35. Rh5 Ra1+ 36. Kg2 exf5 37. Rxf5+ Kg8 38. Re5 {And now Re8+ would win.} Bf6 39. Rxe4 Ra6 40. Rf4 Kg7 41. Kf3 Kg6 42. h3 Be5 43. Rg4+ Kf7 44. Rg5 Bf6 45. Rb5 Kg6 46. Kg4 Ra4+ 47. f4 {Threatens to win with h4.} Ra6 (47... Re4 $11 {remains equal.}) 48. f5+ Kg7 49. Rb7+ Kg8 50. Rb4 Ra3 51. Bf4 Ra6 52. Rc4 Kg7 53. Re4 (53. h4 $16) 53... Kg8 (53... Ra5 $14) 54. Re6 $16 Rxe6 55. fxe6 {KB-KB} Kf8 56. Bd6+ Kg7 $2 {[%mdl 8192] [#] Black cannot hold the game after this.} (56... Ke8 $16 57. h4 Bd8) 57. Kf5 {White mates.} Bh4 58. Bc5 Kg8 59. Ke5 Kg7 60. Kd6 Kg6 61. e7 Bxe7+ 62. Kxe7 Kf5 63. Bf2 Kf4 64. Kf6 Kf3 65. Be1 {Accuracy: White = 88%, Black = 75%.} 1-0

[Event "DSIM-Finale"]
[Site "T#645894Emanuel Laske"]
[Date "2020.05.09"]
[Round "3"]
[White "Georg Meier"]
[Black "Alex Donchenko"]
[Result "1-0"]
[WhiteElo "2555"]
[BlackElo "1697"]
[Annotator "TA"]
[PlyCount "115"]
[EventDate "2020.05.09"]
[EventType "tourn (blitz)"]

{[%evp 9,115,-6,6,0,11,11,31,26,35,34,36,38,44,12,62,52,38,58,42,24,66,0,0,0,4,1,8,11,23,22,20,16,26,22,16,0,0,0,10,8,15,0,25,7,8,15,43,53,106,21,80,16,17,6,6,0,56,0,0,66,278,188,242,251,220,127,241,88,178,68,137,58,56,66,131,98,350,315,287,0,0,0,0,0,0,0,0,0,0,0,197,0,1234,1086,12832,12830,12842,12843,12845,12846,29985,12845,12845,12846,29991,12847,29993,29994]} 1. Nf3 d5 2. g3 c5 3. Bg2 Nf6 4. O-O e6 5. b3 Nc6 6. Bb2 {A08: King's Indian Attack.} Bd6 7. d4 cxd4 {is now more promising than 7...0-0. Played by Alireza Firouzja in April 2020.} 8. Nxd4 {White is slightly better.} Nxd4 9. Qxd4 O-O 10. c4 {[%cal Rc4d5]} e5 11. Qd3 d4 12. e3 dxe3 13. Qxe3 Qe7 {[#]} 14. Nd2 $146 ({Predecessor:} 14. Nc3 Bc5 15. Qf3 Rb8 16. Rae1 Re8 17. Nd5 Qd6 18. Nxf6+ gxf6 19. Qh5 Qf8 20. Bh3 Kh8 21. Bxc8 Rexc8 22. Re4 b5 23. Rh4 Qg8 24. Rg4 Qe8 25. Qh6 {1-0 (25) Shengelia,D (2490)-Schnider,G (2270) Graz 2006}) 14... Bf5 15. Ne4 (15. Qf3 $14 Bc8 16. Rad1) 15... Bxe4 16. Bxe4 Bc5 17. Qf3 Nxe4 18. Qxe4 f6 19. Rad1 Rad8 20. Rd5 Rd7 21. Rfd1 Rfd8 22. Kg2 Rxd5 23. Rxd5 Rxd5 24. Qxd5+ Kf8 25. g4 e4 26. Bd4 Bxd4 27. Qxd4 $11 {[%mdl 4096] Endgame KQ-KQ} a6 28. h3 g6 (28... Qe6 $14) 29. b4 (29. g5 $16) 29... Kg7 (29... Ke8 $11) 30. c5 (30. b5 $16) 30... g5 31. a4 Qe8 $1 32. Qd5 e3 $1 {[%cal Re3e2]} 33. fxe3 Qxe3 34. Qxb7+ {[%mdl 64] Double Attack} Kh6 $2 (34... Kg6 $14) 35. Qf3 {[%cal Rf3f6]} Qd2+ (35... Qd4 $142 36. Qf2 Qd5+ 37. Qf3 Qa2+ 38. Kg1 Qa1+ 39. Kg2 Qa2+ 40. Kg3 Qb2) 36. Qf2 $18 Qd5+ 37. Kg1 (37. Kh2 $1 $18 {[%cal Rf2f6]} Qe5+ 38. Kg2) 37... Kg7 (37... Qd1+ $16 {was called for.} 38. Kg2 Kg7) 38. Qe3 $2 (38. Qc2 $1 $18 {is more deadly.}) 38... Qd1+ (38... Qc4 $16) 39. Kh2 (39. Kf2 $18) 39... Qxa4 {[#]} ({Better is} 39... Qc2+ $14 40. Kg3 Qxa4) 40. Qe7+ (40. Qc3 $1 $16 {aiming for c6.} Qc6 41. Kg1) 40... Kg6 $1 $14 41. Qe4+ Kg7 (41... Kf7 $14) 42. c6 Qa2+ $2 {[%mdl 8192]} (42... Qb3 $16 {keeps fighting.}) 43. Kg3 $18 {Threatens to win with c7.} Qb3+ {[#]} 44. Qf3 $2 (44. Kf2 $1 $18 Qb2+ 45. Qe2 Qxb4 46. Qxa6 Qf4+ 47. Ke2) 44... Qxb4 $11 45. Qd5 Qc3+ 46. Kf2 Qc2+ 47. Ke3 Qc3+ 48. Ke4 Qe1+ 49. Kd4 {Qf5 is the strong threat.} Qf2+ $2 (49... Qd2+ $11 {and Black has nothing to worry.} 50. Kc4 Qa2+ 51. Kd4 Qd2+ 52. Kc5 Qa5+ 53. Kc4 Qa2+ 54. Kd4 Qd2+) 50. Kc4 $2 ({White should play} 50. Kc3 $18) 50... Qc2+ $2 {[%mdl 8192]} (50... Qa2+ $11 51. Kc5 Qa5+ 52. Kc4 Qa2+ 53. Kd4 Qd2+ 54. Kc5 Qa5+ 55. Kd6 Qd8+ 56. Ke6 Qg8+ 57. Kd6 Qd8+ 58. Kc5 Qa5+) 51. Kb4 $18 Qb2+ 52. Kc5 Qb5+ 53. Kd6 Qb4+ 54. Kd7 Qa4 55. Kd8 (55. Ke8 $142 h5 56. Qd7+ Kg6 57. gxh5+ Kh6 58. c7 Qxd7+ 59. Kxd7 Kxh5 60. c8=Q) 55... Qb4 56. c7 Qf8+ 57. Kd7 Qg8 58. Qxg8+ {Accuracy: White = 59%, Black = 54%.} 1-0

[Event "DSIM-Finale"]
[Site "T#645894Emanuel Laske"]
[Date "2020.05.09"]
[Round "3"]
[White "Roven Vogel"]
[Black "Daniel Hausrath"]
[Result "1/2-1/2"]
[WhiteElo "2465"]
[BlackElo "1620"]
[Annotator "TA"]
[PlyCount "91"]
[EventDate "2020.05.09"]
[EventType "tourn (blitz)"]

{[%evp 9,91,0,1,0,11,0,-3,-12,-2,-10,0,0,0,0,0,0,10,0,0,-23,-14,-37,-54,-43,-10,-54,-40,-37,-3,-29,-47,-38,-34,-26,-20,-27,-27,-53,-28,-35,-29,-195,-66,-63,-48,-170,-41,-49,17,0,29,34,41,38,34,48,120,47,55,54,61,74,144,94,133,113,130,110,118,0,316,272,266,0,0,0,0,0,0,0,0,0,0,0]} 1. d4 Nf6 2. c4 Nc6 3. Nf3 e6 4. g3 d5 5. cxd5 exd5 6. Bg2 {E01: Catalan: Early deviations.} Bd6 7. Nc3 {[#]} Ne7 $146 ({Predecessor:} 7... h6 8. O-O a6 9. Nh4 Ne7 10. e4 dxe4 11. Nxe4 Nxe4 12. Bxe4 O-O 13. Bc2 Nd5 {½-½ (44) Vega Gutierrez,S (2364)-Tregubov,P (2588) Caleta 2020}) 8. Nb5 Bb4+ 9. Bd2 Bxd2+ 10. Qxd2 c6 11. Nc3 O-O 12. O-O Nf5 13. Ne5 Nd6 14. h3 Re8 15. g4 Nfe4 16. Nxe4 Nxe4 17. Qc2 f6 18. Nd3 Qd6 19. f3 Ng5 $36 {[%mdl 2048] Threatens to win with ...Qg3. Black is more active.} 20. h4 Ne6 21. e3 b6 22. Qf2 Ba6 23. Rfd1 Re7 24. Rac1 Rae8 25. a3 $2 {[#]} (25. Bf1 $11) 25... Nc7 (25... Nxd4 $1 $19 {[%mdl 512]} 26. Nf4 (26. exd4 $2 Re2 $19) 26... Nb5) 26. Nb4 $15 Bb7 27. e4 (27. Re1 $15) 27... a5 ({Black should play} 27... dxe4 $19 {...e3 is the strong threat.} 28. fxe4 Rxe4 29. Bxe4 Rxe4) 28. Nd3 Ne6 (28... dxe4 $15 29. fxe4 Ne6) 29. e5 $11 fxe5 30. dxe5 Qd8 31. f4 c5 32. f5 Nd4 {[#]} ({Better is} 32... c4 $14) 33. e6 (33. b4 $1 $16) 33... Qd6 34. Re1 Rf8 $1 {[%cal Re7e6]} 35. Qf4 Qd8 ({Black should try} 35... Rxe6 36. Rxe6 Qxe6 37. Qxd4 (37. fxe6 Ne2+ {[%mdl 64] Double Attack} 38. Kh2 Nxf4 $11) 37... Qe2 38. Bxd5+ Kh8) 36. Qg3 h5 37. Nf4 hxg4 38. Ng6 Rxf5 39. Qxg4 ({Only move:} 39. Nxe7+ $16 Qxe7 40. Qxg4) 39... Ba6 $2 {[%mdl 8192]} (39... Re8 $11 {and Black stays safe.} 40. Rf1 Qf6) 40. Nxe7+ $18 Qxe7 {[#]} 41. b4 $2 (41. Rcd1 $1 $18 {[%cal Rd1d4] Hoping for Rxd4.} Rf8 42. Bxd5) 41... Be2 $1 $11 {[%cal Re2g4] The position is equal.} ({Much worse is} 41... axb4 42. Rcd1 $16) 42. Rxe2 Rf4 $1 {[%cal Rf4g4]} 43. Qh5 Rf5 $1 {[%cal Rf5h5]} 44. Qg4 Rf4 $1 {[%cal Rf4g4]} 45. Qh5 Rf5 $1 {[%cal Rf5h5]} 46. Qg4 {Accuracy: White = 63%, Black = 60%.} 1/2-1/2

[Event "DSIM-Finale"]
[Site "T#645894Emanuel Laske"]
[Date "2020.05.09"]
[Round "3"]
[White "Lizzy Paehtz"]
[Black "Christian Braun"]
[Result "0-1"]
[WhiteElo "2427"]
[BlackElo "2637"]
[Annotator "TA"]
[PlyCount "82"]
[EventDate "2020.05.09"]
[EventType "tourn (blitz)"]

{[%evp 14,82,29,29,43,37,39,39,37,31,75,76,93,39,45,49,42,35,30,38,45,32,22,29,35,24,36,37,29,22,47,-99,-37,-59,-67,-59,-54,-122,-83,-90,-90,-113,-94,-92,-87,-85,-83,-97,-83,-85,-91,-131,-101,-140,-159,-179,-183,-261,-261,-254,-247,-481,-481,-452,-189,-173,-154,-255,-247,-488,-460]} 1. d4 g6 2. Nf3 Bg7 3. c3 Nf6 4. Bg5 O-O 5. Nbd2 d6 6. e4 Nbd7 7. Bd3 e5 8. O-O b6 {B07: Pirc Defence: Miscellaneous Systems.} 9. Re1 Bb7 10. a4 a6 {[#] White is slightly better.} 11. Bh4 $146 ({Predecessor:} 11. d5 h6 12. Bh4 Qe8 13. a5 b5 14. b4 Nh5 15. Bc2 Nf4 16. Bg3 c5 17. dxc6 Bxc6 {½-½ (87) Artemiev,V (2653)-Bortnyk,O (2581) Doha 2016}) 11... c6 12. dxe5 dxe5 13. Bf1 (13. Nc4 $16) 13... Qc7 $14 14. Nc4 b5 15. Qd6 Rfc8 16. Qxc7 Rxc7 17. Nd6 Ne8 18. Nxb7 Rxb7 19. Red1 Nc5 20. axb5 cxb5 21. Rd5 {[%mdl 64] Double Attack} Nxe4 22. Nxe5 {[#]} (22. Bd3 $14 {keeps the upper hand.} N4f6 23. Rxe5) 22... Nc7 (22... g5 $1 $17 {[%cal Rg5h4]} 23. Bxb5 Rab8) 23. Rd4 f5 $36 {[%mdl 2048] Black has some pressure.} 24. f4 {[#]} g5 $1 {[%cal Rg5h4][%mdl 512]} 25. Bg3 (25. g4 $15 Ne6 26. fxg5 Bxe5 27. Rd5) (25. fxg5 Bxe5) 25... gxf4 26. Bxf4 Re8 27. Nf3 Bxd4+ (27... Ne6 {is more complex.} 28. Be3 Bxd4 29. Bxd4 Nxd4 30. Nxd4 Rb6) 28. Nxd4 Ne6 29. Nxe6 Rxe6 30. c4 Kg7 31. cxb5 axb5 {[%cal Ba6b5,Bb5b4][%mdl 32]} 32. Rd1 b4 33. Bc4 Ree7 34. b3 Rbd7 35. Ra1 (35. Re1 $142) 35... Nd2 $19 36. Bb5 Rd4 37. g3 $2 (37. Bg5 {is the only way for White.} Nxb3 38. Ra6 Rd1+ 39. Kf2) 37... Nxb3 38. Ra8 Rxf4 (38... Nc5 $142 39. Ra1 b3) 39. gxf4 Re4 40. Ba4 (40. Ra7+ $17 Kf6 41. Rxh7) 40... Nc5 {White must now prevent ...b3.} 41. Ra7+ $2 (41. Bc2 {keeps fighting.} Rxf4 42. Ra5) 41... Kf6 {Accuracy: White = 56%, Black = 76%.} 0-1

[Event "DSIM-Finale"]
[Site "T#645894Emanuel Laske"]
[Date "2020.05.09"]
[Round "3"]
[White "Vincent Keymer"]
[Black "Rasmus Svane"]
[Result "1/2-1/2"]
[WhiteElo "2243"]
[BlackElo "1620"]
[Annotator "TA"]
[PlyCount "127"]
[EventDate "2020.05.09"]
[EventType "tourn (blitz)"]

{[%evp 9,127,9,14,8,31,0,0,3,15,0,0,0,2,5,8,-14,1,-13,-7,-13,9,9,9,9,6,0,5,-26,-26,-41,-5,-5,-9,-10,0,0,-2,-11,0,0,2,0,11,10,23,0,33,11,17,21,14,0,8,0,0,-10,0,-8,43,42,39,0,15,6,21,0,0,0,14,5,8,8,12,0,12,0,69,11,51,36,22,37,117,111,169,156,220,213,262,59,272,266,258,259,244,228,220,158,182,152,125,-8,-8,-8,0,0,0,0,0,0,0,0,0,0,0,0,0,0,0,0]} 1. Nf3 d5 2. e3 Nf6 3. c4 e6 4. Nc3 dxc4 5. Bxc4 a6 6. O-O {A17: English Opening: 1...Nf6 with ...Bb4.} b5 7. Be2 Bb7 8. d3 c5 9. a4 b4 10. Nb1 {[%cal Bc3b1,Bb1d2,Bd2b3][%mdl 32] [#]} Be7 $146 ({Predecessor:} 10... Nc6 11. Nbd2 Be7 12. e4 a5 13. Nb3 c4 14. dxc4 Nxe4 15. Qxd8+ Rxd8 16. Be3 O-O {1-0 (50) Artemiev,V (2731)-Vitiugov,N (2747) Wijk aan Zee 2020}) 11. Nbd2 O-O 12. Nb3 a5 13. Nfd2 Nc6 14. Nc4 Rc8 15. Bf3 Ba6 16. Bxc6 {Black must now prevent Bb5.} Bxc4 $1 ({But not} 16... Rxc6 17. Nbxa5 Rc8 18. e4 $16) 17. dxc4 Rxc6 18. Qxd8 Bxd8 19. Rd1 Ne4 20. Bd2 Bf6 21. Rab1 (21. f3 {is interesting.} Nd6 22. Nxa5 Rb6 23. Rab1 Ra8 24. Nb3) 21... Ra8 22. Be1 Nd6 23. Nd2 Kf8 24. f3 Ke8 25. Kf2 Rd8 26. Ke2 Be5 27. Bh4 Ra8 (27... Rb8 {feels hotter.} 28. f4 Bf6 29. Be1 Rb7 30. g4 g6) 28. f4 (28. g4 {is more complex.} h6 29. Rf1 f5 30. f4 Bf6 31. Bxf6 gxf6 32. gxf5 exf5 33. Rg1) 28... Bf6 29. Bxf6 gxf6 30. Rbc1 Ke7 31. Kf3 Rc7 32. Nb3 f5 33. Rd3 Ne4 (33... Rb8 $11) 34. g4 $14 Nd6 35. h3 h6 36. Rdd1 Rc6 37. Nd2 Rd8 38. Nb3 Ra8 39. gxf5 Nxf5 40. e4 Nd6 41. Rg1 Rcc8 42. Rg7 Ne8 ({Better is} 42... Rd8 $11) 43. Rg2 ({White should play} 43. Rg8 $14) 43... Nf6 44. e5 Nd7 45. Nd2 Nb6 {[#]} (45... Nf8 $14) 46. b3 $1 $16 Rd8 (46... Rg8 $16) 47. Ke3 $18 Rd7 (47... Nc8 $16 {might work better.}) 48. Ne4 Rc8 49. Rcc2 $2 ({White should try} 49. Rcg1 $18) 49... Na8 $2 (49... Rd1 $14) 50. Rcd2 Nb6 51. h4 Rxd2 52. Rxd2 {[%mdl 4096] Endgame KRN-KRN} Nd7 53. Rg2 Nb8 54. Rg7 Nc6 55. Rxf7+ (55. Nxc5 $16 {Hoping for Ne4.} Rd8 56. Rh7) 55... Kxf7 $11 {The position is equal.} 56. Nd6+ {[%mdl 64] [#] Double Attack} Kf8 57. Nxc8 {KN-KN} Nd4 58. Nd6 Nxb3 59. Nb7 Ke7 60. Kd3 Kd7 61. Kc2 Kc7 62. Kxb3 Kxb7 63. h5 Kc7 64. Kc2 {White really could win this. Accuracy: White = 82%, Black = 75%.} 1/2-1/2

[Event "DSIM-Finale"]
[Site "T#645894Emanuel Laske"]
[Date "2020.05.09"]
[Round "3"]
[White "Jonas Eilenberg"]
[Black "Nikolas Lubbe"]
[Result "1-0"]
[WhiteElo "1620"]
[BlackElo "1620"]
[Annotator "NA RC"]
[PlyCount "67"]
[EventDate "2020.05.09"]
[EventType "tourn (blitz)"]

1. d4 {[%emt 0:00:02]} Nf6 {[%emt 0:00:01]} 2. Nf3 {[%emt 0:00:07]} c5 {[%emt 0:00:01]} 3. d5 {[%emt 0:00:01]} e6 {[%emt 0:00:00]} 4. Nc3 {[%emt 0:00:06]} d6 {[%emt 0:00:24]} 5. e4 {[%emt 0:00:06]} exd5 {[%emt 0:00:01]} 6. Nxd5 {[%emt 0:00:05]} Nxd5 {[%emt 0:00:36]} 7. Qxd5 {[%emt 0:00:06]} Be7 {[%emt 0:00:01]} 8. Bg5 {[%emt 0:00:07]} Bxg5 {[%emt 0:00:37]} 9. Nxg5 {[%emt 0:00:00]} O-O {[%emt 0:00:01]} 10. Bc4 {[%emt 0:00:06]} Qe7 {[%emt 0:00:03]} 11. O-O-O {[%emt 0:00:05]} Nc6 {[%emt 0:00:03]} 12. h4 {[%emt 0:00:13]} h6 {[%emt 0:00:11]} 13. Nxf7 {[%emt 0:00:06]} Rxf7 {[%emt 0:00:06]} 14. Qxf7+ {[%emt 0:00:06]} Qxf7 {[%emt 0:00:00]} 15. Bxf7+ {[%emt 0:00:01]} Kxf7 {[%emt 0:00:01]} 16. Rxd6 {[%emt 0:00:06]} Be6 {[%emt 0:00:03]} 17. Rhd1 {[%emt 0:00:08]} Ke7 {[%emt 0:00:04]} 18. R6d2 {[%emt 0:00:06]} Rf8 {[%emt 0:00:02]} 19. f3 {[%emt 0:00:07]} h5 {[%emt 0:00:05]} 20. a3 {[%emt 0:00:06]} Rf4 {[%emt 0:00:02]} 21. Rh1 {[%emt 0:00:08]} Nd4 {[%emt 0:00:02]} 22. b4 {[%emt 0:00:09]} b6 {[%emt 0:00:04]} 23. Kb2 {[%emt 0:00:10]} Rf8 {[%emt 0:00:03]} 24. Rb1 {[%emt 0:00:06]} Nc6 {[%emt 0:00:20]} 25. bxc5 {[%emt 0:00:06]} b5 {[%emt 0:00:09]} 26. Kc3 {[%emt 0:00:05]} a6 {[%emt 0:00:03]} 27. Rd6 {[%emt 0:00:05]} Rc8 {[%emt 0:00:01]} 28. f4 {[%emt 0:00:07]} Nb8 {[%emt 0:00:06]} 29. Kd4 {[%emt 0:00:06]} Nc6+ {[%emt 0:00:02]} 30. Ke3 {[%emt 0:00:05]} g6 {[%emt 0:00:10]} 31. c4 {[%emt 0:00:07]} Na5 {[%emt 0:00:10]} 32. Rxa6 {[%emt 0:00:03]} Nxc4+ {[%emt 0:00:01]} 33. Kd4 {[%emt 0:00:00]} Rxc5 {[%emt 0:00:00]} 34. Kxc5 {[%emt 0:00:08] Nikolas Lubbe gibt auf (Lag: Av=0.49s, max=1.0s)} 1-0